000 00473nam a22001937a 4500
003 MPLRDC
005 20220104161547.0
008 210129b ||||| |||| 00| 0 eng d
020 _a7-80731-083-9
082 _a857.9 JYZP v.9
100 _a金庸
245 _a神雕侠侣(一)
_c
250 _a一版二刷
260 _a
_b广州出版社
_c2005
300 _b
490 _a口袋本金庸作品集. 9
650 _a武侠小说
942 _cBK
_o857.9 JYZP v.9
999 _c55538
_d55528